书目信息 |
| 题名: |
豪宅幽情
|
|
| 作者: | 杰克·伦敦 著 ;谢为群 译 | |
| 分册: | ||
| 出版信息: | 南昌 百花洲文艺出版社 2009.03 |
|
| 页数: | 230页 | |
| 开本: | 23cm | |
| 丛书名: | 外国文学经典阅读丛书 | |
| 单 册: | ||
| 中图分类: | I712.44 | |
| 科图分类: | ||
| 主题词: | 长篇小说--chang pian xiao shuo--美国--近代 | |
| 电子资源: | ||
| ISBN: | 978-7-80647-956-8 | |
| 000 | 01076nam 2200265 450 | |
| 001 | CAL 012010029596 | |
| 005 | 20111230194149.17 | |
| 010 | @a978-7-80647-956-8@dCNY29.80 | |
| 100 | @a20100310d2009 ekmy0chiy50 ea | |
| 101 | 1 | @achi@ceng |
| 102 | @aCN@b360000 | |
| 105 | @ay z 000ay | |
| 200 | 1 | @a豪宅幽情@Ahao zhai you qing@f杰克·伦敦著@g谢为群译 |
| 205 | @a第2版 | |
| 210 | @a南昌@c百花洲文艺出版社@d2009.03 | |
| 215 | @a230页@d23cm | |
| 225 | 2 | @a外国文学经典阅读丛书@Awai guo wen xue jing dian yue du cong shu@i美国文学经典 |
| 330 | @a本书是一部难得的爱情悲剧小说,它通过一场地婚外恋展示男女主人公的情感与理智的冲突,彩用极为细腻的描写手法提示人物的内心世界。 | |
| 410 | 0 | @12001 @a外国文学经典阅读丛书@i美国文学经典 |
| 606 | 0 | @a长篇小说@Achang pian xiao shuo@y美国@z近代 |
| 690 | @aI712.44@v4 | |
| 701 | 0 | @a杰克·伦敦@AJieke Lundun@g(London, Jack),@f1876-1916@4著@3CAL n2004540807#@7jt0yjt0y@7ec0yec0y |
| 702 | 0 | @a谢为群@AXie Weiqun@4译@3CAL n2004240353#@7jt0yjt0y@7ec0yec0y |
| 801 | 0 | @aCN@bZZRC@c20111230 |
| 905 | @a241720@dI712.44@eJ7022@f3 | |
| 豪宅幽情/杰克·伦敦著/谢为群译.-第2版.-南昌:百花洲文艺出版社,2009.03 |
| 230页;23cm.-(外国文学经典阅读丛书.美国文学经典) |
| ISBN 978-7-80647-956-8:CNY29.80 |
| 本书是一部难得的爱情悲剧小说,它通过一场地婚外恋展示男女主人公的情感与理智的冲突,彩用极为细腻的描写手法提示人物的内心世界。 |
| ● |
| 相关链接 |
|
|
|
正题名:豪宅幽情
索取号:I712.44/J7022
 
预约/预借
| 序号 | 登录号 | 条形码 | 馆藏地/架位号 | 状态 | 备注 |
| 1 | 1193306 | 211933069 | 文学库116/400B社科库 30排2列2层/ [索取号:I712.44/J7022] | 在馆 | |
| 2 | 1193307 | 211933078 | 文学库116/116文学库 25排6列4层/ [索取号:I712.44/J7022] | 在馆 | |
| 3 | 1193308 | 211933087 | 社科二线400B/400B社科库 5排1列6层/ [索取号:I712.44/J7022] | 在馆 |